| 000 | 00689nam a2200181 i 4500 | ||
|---|---|---|---|
| 001 | 60379 | ||
| 003 | ES-MaACL | ||
| 005 | 20230906164224.0 | ||
| 007 | t| | ||
| 008 | 031104s1903 sp ||||1| spa d | ||
| 100 | 1 |
_aEspurz Campodarbe, Demetrio. _947956 |
|
| 245 | 1 | 0 |
_aMemoria del Doctorado en Ciencias Físico- matemáticas / _cdel graduado Demetrio Espurz. |
| 260 |
_aMadrid : _b[s.n.], _c1903 ( _fImp. Colonial) |
||
| 300 |
_a51 p., [1] h. de lám. ; _c27 cm. |
||
| 500 | _aTema: Interpretación de las acaiones eléctricas y magnéticas II. Ideas sobre el Eter III. Interpretación de las acciones electromagnéticas. | ||
| 502 | _aTesis doctoral. | ||
| 852 |
_aES-MaACL _jT-1051-F-9 |
||
| 999 |
_c60379 _d60379 |
||